SV Werder Bremen Squad 2023-2024 - Statistics

General Stats
  • This quiz has been taken 165 times
    106 since last reset
  • The average score is 22 of 28
Answer Stats
# Position Nation Player % Correct
1 GK Czech Republic Jiří Pavlenka
100%
7 FW Germany Marvin Ducksch
97%
30 GK Germany Michael Zetterer
93%
18 MF Guinea Naby Keïta
91%
3 DF Germany Anthony Jung
90%
6 MF Denmark Jens Stage
90%
8 DF Germany Mitchell Weiser
90%
4 DF Germany Niklas Stark
90%
32 DF Austria Marco Friedl
89%
- Coach Germany Ole Werner
89%
2 MF Belgium Olivier Deman
87%
10 MF Germany Leonardo Bittencourt
86%
19 FW Colombia Rafael Santos Borré
86%
20 MF Austria Romano Schmid
86%
27 DF Germany Felix Agu
83%
17 FW Germany Justin Njinmah
81%
9 FW Poland Dawid Kownacki
80%
22 DF Argentina Julián Malatini
80%
13 DF Serbia Miloš Veljković
80%
14 MF Belgium Senne Lynen
80%
5 DF Germany Amos Pieper
79%
36 MF Germany Christian Groß
76%
29 FW Germany Nick Woltemade
76%
28 MF France Skelly Alvero
69%
21 MF Norway Isak Hansen-Aarøen
59%
38 GK Germany Dudu
50%
35 MF Germany Leon Opitz
41%
23 MF Germany Nicolai Rapp
41%
No matching quizzes found
Score Distribution
Percent of People with Each Score
Percentile by Number Answered
Your Score History
You have not taken this quiz since the last reset